000 00582nam a22001817a 4500
005 20231128123018.0
008 231128b |||||||| |||| 00| 0 eng d
020 _a0702103098
041 _aEnglish
082 _a340.1 HAH
100 _aHahlo, HR and Kahn, E
_lEnglish
245 _aThe South African Legal System and its Background /
_cHR Hahlo and E Kahn
250 _aFirst Edition
260 _aCape Town :
_bJuta and Company Ltd,
_c1968
300 _bxxxix, 603 pages ;
_c25,5 cm.
650 _aLegal practice
_bLaw
942 _cBK
_6ALISON_BN_VRIES
999 _c1007
_d1007